Unlocking Human Rights / (Record no. 13303)
[ view plain ]
| 000 -LEADER | |
|---|---|
| fixed length control field | 00623nam a22001937a 4500 |
| 008 - FIXED-LENGTH DATA ELEMENTS--GENERAL INFORMATION | |
| fixed length control field | 100207s2009 enk|||||r|||| 001 0 eng d |
| 020 ## - INTERNATIONAL STANDARD BOOK NUMBER | |
| International Standard Book Number | 9780340972915 |
| 082 ## - DEWEY DECIMAL CLASSIFICATION NUMBER | |
| Edition number | 22 |
| Classification number | 342.42085 |
| Item number | HAL |
| 100 ## - MAIN ENTRY--PERSONAL NAME | |
| 9 (RLIN) | 11058 |
| Personal name | Halstead, Peter |
| 245 ## - TITLE STATEMENT | |
| Title | Unlocking Human Rights / |
| Statement of responsibility, etc | Peter Halstead; Series editors Jacqueline Martin and Chris Turner |
| 260 ## - PUBLICATION, DISTRIBUTION, ETC. (IMPRINT) | |
| Place of publication, distribution, etc | London : |
| Name of publisher, distributor, etc | Hodder Education, 2009 |
| Date of publication, distribution, etc | 2009 |
| 300 ## - PHYSICAL DESCRIPTION | |
| Extent | xlv, 421 p. ; |
| Dimensions | 25 cm. |
| 490 ## - Series Statement | |
| Series statement | Unlocking the Law |
| 500 ## - GENERAL NOTE | |
| General note | Includes index |
| 650 ## - SUBJECT ADDED ENTRY--TOPICAL TERM | |
| 9 (RLIN) | 11033 |
| Topical term or geographic name as entry element | Human rights |
| 700 ## - ADDED ENTRY--PERSONAL NAME | |
| 9 (RLIN) | 11056 |
| Personal name | Turner, Chris |
| 700 ## - ADDED ENTRY--PERSONAL NAME | |
| 9 (RLIN) | 11057 |
| Personal name | Martin, Jacqueline |
| 942 ## - ADDED ENTRY ELEMENTS (KOHA) | |
| Source of classification or shelving scheme | Dewey Decimal Classification |
| Item type | Book - Borrowing |
| Withdrawn status | Item status | Source of classification or shelving scheme | Damaged status | Not for loan | Vendor | Home library | Current library | Shelving location | Date acquired | Source of acquisition | Cost, normal purchase price | Serial Enumeration / chronology | Total Checkouts | Total Renewals | Full call number | Barcode | Date last seen | Date last borrowed | Koha item type |
|---|---|---|---|---|---|---|---|---|---|---|---|---|---|---|---|---|---|---|---|
| Dewey Decimal Classification | Central Library | Central Library | First floor | 07/02/2010 | 290.00 | 1324 | 10 | 12 | 342.42085 HAL | 000019636 | 25/10/2025 | 11/02/2025 | Book - Borrowing |